Prekážky v podnikateľskom prostredí na Slovensku

Slabé miesta v podnikaní na Slovensku. Vysoké odvodové zaťaženie - analýza tejto oblasti. Slabo rozvinutý kapitálový trh. Prevaha získavania zdrojov z bánk. Slovenský kapitálový trh poznačený privátizáciou kupónovou metódou a priamymi predajmi za symbolické ceny.

Salvato in:
Dettagli Bibliografici
Autore principale: Šabíková, Ingrid
Natura: Capitolo di libro
Lingua:slovacco
Soggetti:
Tags: Aggiungi Tag
Nessun Tag, puoi essere il primo ad aggiungerne!!

MARC

LEADER 00000naa$a2200000$$$4500
001 0110513
005 20240502083256.5
041 0 |a slo 
044 |a CZ 
245 1 0 |a Prekážky v podnikateľskom prostredí na Slovensku  |c Ingrid Šabíková 
520 |a Slabé miesta v podnikaní na Slovensku. Vysoké odvodové zaťaženie - analýza tejto oblasti. Slabo rozvinutý kapitálový trh. Prevaha získavania zdrojov z bánk. Slovenský kapitálový trh poznačený privátizáciou kupónovou metódou a priamymi predajmi za symbolické ceny. 
610 2 0 |a podnikanie 
610 2 0 |a prostredie podnikateľské 
610 2 0 |a zaťaženie daňové 
610 2 0 |a odvody 
610 2 0 |a trh kapitálový 
610 2 0 |a banky 
610 2 0 |a zdroje finančné 
610 2 0 |a privatizácia kupónová 
610 2 0 |a Slovensko 
100 1 |a Šabíková, Ingrid